University Home | Library Home | Institutional Repository

Manual of basic neuropathology / (Record no. 45827)

MARC details
000 -LEADER
fixed length control field 01096cam7a220028900 4500
001 - CONTROL NUMBER
control field lce00789632
008 - FIXED-LENGTH DATA ELEMENTS--GENERAL INFORMATION
fixed length control field 730731s1973 paua b 001 0 eng
010 ## - LIBRARY OF CONGRESS CONTROL NUMBER
LC control number 72095828 //r832
020 ## - INTERNATIONAL STANDARD BOOK NUMBER
International Standard Book Number 0721634052
035 ## - SYSTEM CONTROL NUMBER
System control number (Sirsi) r70670
035 ## - SYSTEM CONTROL NUMBER
System control number (DLC) 72095828 //r832
035 ## - SYSTEM CONTROL NUMBER
System control number (UPRA)lce00789632
040 ## - CATALOGING SOURCE
Modifying agency UPRA
041 1# - LANGUAGE CODE
Language code of text/sound track or separate title eng fre
Language code of original eng fre
050 0# - LIBRARY OF CONGRESS CALL NUMBER
Classification number RC347
Item number .E8313
082 ## - DEWEY DECIMAL CLASSIFICATION NUMBER
Classification number 616.8/04/7
100 1# - MAIN ENTRY--PERSONAL NAME
Personal name Escourolle, Raymond, 1924-
Dates associated with a name Escourolle, Raymond, 1924-
Linkage A31732.1
240 10 - UNIFORM TITLE
Uniform title Manuel elementaire de neuropathologie. English
Language of a work Manuel elementaire de neuropathologie. English
245 10 - TITLE STATEMENT
Title Manual of basic neuropathology /
Statement of responsibility, etc. by Raymond Escourolle and Jacques Poirier ; translated by Lucien J. Rubinstein.
260 ## - PUBLICATION, DISTRIBUTION, ETC.
Place of publication, distribution, etc. Philadelphia :
Name of publisher, distributor, etc. Saunders,
Date of publication, distribution, etc. 1973.
500 ## - GENERAL NOTE
General note Translation of Manuel elementaire de neuropathologie.
504 ## - BIBLIOGRAPHY, ETC. NOTE
Bibliography, etc. note Bibliography: p. 198-199.
650 #0 - SUBJECT ADDED ENTRY--TOPICAL TERM
Topical term or geographic name entry element Nervous system -- Diseases.
General subdivision Nervous system -- Diseases.
Linkage S5331.1
700 1# - ADDED ENTRY--PERSONAL NAME
Personal name Poirier, Jacques.
Linkage A31733.1
949 ## - LOCAL PROCESSING INFORMATION (OCLC)
a RC347
w LC
i -95641
m MEDICAL
t BOOK
l ON-SHELF
Holdings
Withdrawn status Lost status Source of classification or shelving scheme Damaged status Not for loan Home library Current library Shelving location Total Checkouts Full call number Barcode Date last seen Copy number Price effective from Koha item type
    Library of Congress Classification     Medical Library Medical Library On Shelf   RC347 -95641 08/13/2019 1 08/13/2019 Book
© 2026 - The University of Zambia Library - Koha v25.11